Statistics for Anyone but Lionel Messi

Click here to take the quiz!

General Stats

  • This quiz has been taken 337 times
  • The average score is 43 of 100

Answer Stats

HintAnswer% Correct
121 goalsCristiano Ronaldo
96%
Real Madrid, 2015Cristiano Ronaldo
96%
1998Ronaldo
95%
9 titles | MF, BarcelonaAndres Iniesta
90%
8 titles | MF, BarcelonaXavi
90%
4 goals, BrazilNeymar
89%
2005Ronaldinho
86%
DF, BarcelonaGerard Pique
85%
GK, BarcelonaVictor Valdes
83%
6 goals, ColombiaJames Rodriguez
81%
DF, BarcelonaCarles Puyol
80%
5 goals, GermanyThomas Muller
80%
MF, BarcelonaSergio Busquets
77%
1960Luis Suarez
75%
121 goalsLuis Suarez
75%
53 goalsRobert Lewandowski
75%
Borussia Dortmund, 2013Robert Lewandowski
75%
FW, Manchester UnitedWayne Rooney
75%
3 goals, France | 59 goalsKarim Benzema
71%
4 goals, NetherlandsRobin van Persie
71%
1973, 1974 | 1974Johan Cruyff
70%
DF, Manchester UnitedRio Ferdinand
70%
PSG, 2013Zlatan Ibrahimovic
69%
GK, Manchester UnitedEdwin van der Sar
68%
2018Luka Modric
68%
MF, Manchester UnitedPaul Scholes
67%
FW, BarcelonaPedro
67%
3 goals, NetherlandsArjen Robben
66%
DF, Manchester UnitedNemanja Vidic
63%
1999 | 86 goalsRivaldo
63%
MF, Manchester UnitedRyan Giggs
62%
1986Diego Maradona
61%
1970Pele
61%
71 goalsRaul
61%
2006Zinedine Zidane
60%
50 goalsThierry Henry
59%
DF, Manchester UnitedPatrice Evra
52%
108 goalsSamuel Eto'o
52%
MF, Manchester UnitedMichael Carrick
49%
3 goals, SwitzerlandXherdan Shaqiri
49%
3 goals, EcuadorEnner Valencia
47%
1994Romario
46%
2002Oliver Kahn
44%
56 goals | Manchester United, 2004Ruud van Nistelrooy
44%
8 titlesAlfredo di Stefano
42%
Bayern Munich, 2012Mario Gomez
42%
1994Hristo Stoichkov
40%
MFMaxi Rodriguez
40%
1954Ferenc Puskas
39%
Milan, 2005Andriy Shevchenko
38%
2010Diego Forlan
37%
FWHernan Crespo
34%
Milan, 1992Marco van Basten
33%
3 goals, GermanyAndre Schurrle
31%
MF, Manchester UnitedPark Ji-Sung
30%
Lazio, 2000Simone Inzaghi
30%
1962Garrincha
28%
Shakhtar Donetsk, 2014Luiz Adriano
27%
1966Bobby Charlton
26%
1982Paolo Rossi
25%
MF, BarcelonaSeydou Keita
24%
1978Mario Kempes
18%
DFGabriel Heinze
17%
90 goalsPatrick Kluivert
16%
12 titlesPaco Gento
15%
131 goalsLaszlo Kubala
13%
Lyon, 2011Bafetimbi Gomis
11%
97 goalsMariano Martin
10%
DFRoberto Ayala
10%
Monaco, 2003Dado Prso
9%
DFLionel Scaloni
9%
1990Salvatore Schillaci
9%
FWLisandro Lopez
8%
DF (sub)Pablo Zabaleta
8%
190 goalsCesar
7%
1958Didi
7%
1934Giuseppe Meazza
7%
MFJuan Pablo Sorin
6%
MFLucho Gonzalez
5%
GKLeo Franco
4%
1938Leonidas
4%
MFAndres D'Alessandro
3%
9 titlesCarlos Santillana
3%
8 titlesManolo Sanchis
3%
10 titlesPirri
3%
1950Zizinho
3%
9 titlesAmancio
2%
89 goalsEstanislao Basora
2%
1930Jose Nasazzi
2%
DFLucas Bernardi
2%
8 titlesMiguel Angel
2%
9 titlesJose Antonio Camacho
1%
93 goalsJosep Escola
1%
MF (sub)Mario Santana
1%

Score Distribution

Percentile by Number Answered

Percent of People with Each Score

Your Score History

You have not taken this quiz